00993cam a22002653 450000100060000000300080000600500170001400800410003103500190007204000340009104100080012508200260013310000520015924500870021126000610029830000470035949001140040650000250052050400220054550400350056765000270060265000380062965000290066770000310069613271BD-RjUL20211208235429.0140130r19461945nyuab b 000 0 eng d a(BD-RjUL)13322 aDLCcDLCdDLCd(BD-RjUL)beng aeng00219a 639.3 bNIF 19461 aNichols, John T.q(John Treadwell),d1883-1958.10aFishes and shells of the Pacific world /c[by] John T. Nichols [and] Paul Bartsch. aNew York :bThe Macmillan Company,c1945. [Reprent 1946] a201 p. :billus., 16 pl. on 8 l. ;c21 cm.0 aThe Pacific world series, under the auspices of the American Committee for International Wild Life Protection aMap on lining paper. a"First printing." a"Reference works": p. 178-184. 0aFisheszPacific Ocean. 0aMolluskszIslands of the Pacific. 0aMolluskszPacific Ocean.1 aBartsch, Paul,d1871-1960.